00544 2200169 4500001002100000005001500021020002200036035002000058082000600078084001200084100001800096245007900114250001700193260006800210300007900278600001700357INLIS00000000000155620250120031233 a978-602-95497-7-5 a0010-0125000117 a- a- AST k0 aAstanto Kasno1 aKacang Tanah :bInovasi Teknologi dan Pengembangan Produk /cAstanto Kasno aCetakan 2015 aMalang :bBalai Penelitian Tanaman Aneka Kacang dan Umbi,c2015 a448 hal :bvi, 448 hlm.; ilus.; tab.; 18 x 24,5 cm ;c24,5 cmeBibliografi 4aKacang Tanah